Bundesland nach Bildern - Einfach - Statistiken

Allgemein
  • Dieses Quiz wurde 79 mal gespielt
  • Das Durchschnittsergebnis liegt bei 15 aus 16
Antwortstatistiken
Bildquiz Antwort % Korrekt
Bremen
99%
Bayern
97%
Berlin
96%
Hamburg
96%
Baden-Württemberg
94%
Hessen
94%
Mecklenburg-Vorpommern
94%
Nordrhein-Westfalen
94%
Schleswig-Holstein
94%
Sachsen
93%
Rheinland-Pfalz
91%
Saarland
91%
Sachsen-Anhalt
90%
Brandenburg
88%
Niedersachsen
88%
Thüringen
87%
Keine übereinstimmenden Quizze gefunden
Verteilung der Resultate
Anzahl Personen mit jedem Resultat
Perzentil nach korrekt beantworteten Fragen
Ihre Resultats-Entwicklung
Sie haben dieses Quiz noch nicht gespielt